| 000 | 00477 a2200169 4500 | ||
|---|---|---|---|
| 001 | 189435 | ||
| 020 | _a978-85-7631-158-4 | ||
| 040 | _cMagnum | ||
| 100 | _aCastro, Francisco Mendes de Oliveira | ||
| 240 | 1 | 0 |
_aItamaraty volume ii _lpor |
| 245 | 1 | 0 | _aItamaraty volume ii |
| 300 | _a332 | ||
| 362 | 0 | _a2009 | |
| 440 | 1 | _aFundação Alexandre de Gusmão | |
| 697 | _aRELALÇÕES INTERNACIONAIS, POLÍTICA MUNDIAL. POLÍTICA INTERNACIONAL. POLÍTICA EXTERNA | ||
| 942 | _cBK | ||
| 999 |
_c189435 _d189435 |
||